PLL : funcionamiento y aplicaciones
Presenta el desarrollo de guías prácticas de laboratorio con el objetivo de proveer a los estudiantes de la carrera de Ingeniería Electrónica un mayor sobre el básico funcionamiento y dos de sus aplicaciones del dispositivo PLL de tal manera que logren convertirse en instrumentos de apoyo para...
| Main Author: | |
|---|---|
| Other Authors: | |
| Format: | Tesis Section = Libro |
| Language: | Undetermined Spanish |
| Published: |
Managua
UNI
2012
|
| Subjects: |
| LEADER | 01118nam a2200253Ia 4500 | ||
|---|---|---|---|
| 008 | 240830s9999 xx 000 0 und d | ||
| 040 | |a BIBLIOTECA-RUSB/ Mon 621.38 A696 | ||
| 041 | |a spa | ||
| 082 | |a Mon 621.38 A696 | ||
| 100 | 1 | |a Arias Medina, Walter Mauricio | |
| 245 | 1 | 0 | |a PLL : funcionamiento y aplicaciones |
| 260 | |a Managua |b UNI |c 2012 | ||
| 300 | |a 81 p. :il. | ||
| 500 | |a Contiene: anexos e Incluye: CD. | ||
| 502 | |a Tesis (Ingeniero Electrónico) - UNI, 2012. | ||
| 520 | 3 | |a Presenta el desarrollo de guías prácticas de laboratorio con el objetivo de proveer a los estudiantes de la carrera de Ingeniería Electrónica un mayor sobre el básico funcionamiento y dos de sus aplicaciones del dispositivo PLL de tal manera que logren convertirse en instrumentos de apoyo para el proceso de aprendizaje. | |
| 650 | 7 | |a INGENIERÍA ELECTRONICA Y DE COMUNICACIONES | |
| 650 | 7 | |b SISTEMA DE CONTROL EN LAZO CERRADO | |
| 650 | 7 | |c CIRCUITOS ANALOGICOS | |
| 650 | 7 | |d LAZOS DE SEGUIMIENTO DE FASE | |
| 700 | 1 | |a Tutor: |b Martínez Toribio, Juan Manuel | |
| 942 | |c BK |2 ddc | ||
| 991 | |a TESIS | ||
| 999 | |c 20231 | ||